[Event "AUTO-OPEN-2203"]
[Site "http://www.queenalice.com/game.php?id=874925"]
[Date "2010.12.21"]
[Round "1"]
[White "farnoud13"]
[Black "Sanitoeter"]
[Result "1-0"]
[WhiteElo "2113"]
[BlackElo "1227"]

1. e4 e5 2. Nf3 d6 3. Bc4 Nf6 4. d3 Be6 5. Nc3 Nc6 6. Bg5 h6 7. Bh4 Bg4 8. h3
Bh5 9. Nd5 g5 10. Bg3 Nd4 11. c3 Nxf3+ 12. gxf3 c6 13. Ne3 b5 14. Bb3 g4 15.
fxg4 Bg6 16. Qf3 Be7 17. h4 c5 18. Nd5 Nxd5 19. Bxd5 Rb8 20. h5 Bxh5 21. Rxh5
Rh7 22. Rf5 Ra8 23. Rxf7 Rxf7 24. Qxf7+ Kd7 25. Qe6+ Ke8 26. Bxa8 Qxa8 27. Bh4
Qb7 28. Bxe7 Qd7 29. Qxd7+ Kxd7 30. Bh4 1-0

[Event "AUTO-OPEN-2203"]
[Site "http://www.queenalice.com/game.php?id=874926"]
[Date "2010.12.21"]
[Round "1"]
[White "Sanitoeter"]
[Black "farnoud13"]
[Result "0-1"]
[WhiteElo "1227"]
[BlackElo "2122"]

1. Nf3 d5 2. d4 Nf6 3. c3 Bf5 4. Na3 c6 5. Bd2 e6 6. Bg5 Nbd7 7. Ne5 Qa5 8. e3
Bxa3 9. Nxd7 Nxd7 10. Be2 Be7 11. Bxe7 Kxe7 12. b4 Qc7 13. O-O Nf6 14. Bf3 Ne4
15. Bxe4 Bxe4 16. Qg4 Bg6 17. Qg5+ f6 18. Qg4 h5 19. Qxg6 Rag8 20. a3 Rh6 21.
Qg3 Qxg3 22. fxg3 g5 23. Rf2 Rhg6 24. Raf1 f5 25. h4 gxh4 26. gxh4 Rg3 27. Re1
R8g4 28. Ree2 Rxh4 29. Rf3 Rg7 30. Rf4 Rh3 31. Ref2 Rxe3 32. R4f3 Rg3 0-1

[Event "AUTO-OPEN-2203"]
[Site "http://www.queenalice.com/game.php?id=874937"]
[Date "2010.12.21"]
[Round "1"]
[White "justeldiablo"]
[Black "Sanitoeter"]
[Result "1-0"]
[WhiteElo "1891"]
[BlackElo "1284"]

1. d4 e6 2. e4 d5 3. e5 Bb4+ 4. c3 Ba5 5. Qh5 g6 6. Qg4 h5 7. Qg3 Nh6 8. Bd3 Nf5
9. Bxf5 exf5 10. Nf3 f6 11. Qxg6+ Kd7 12. exf6 Rg8 13. Qxf5+ Kc6 14. Ne5+ Kb6
15. Qf3 Bg4 16. Qf4 Rf8 17. f7 Nd7 18. b4 Nxe5 19. bxa5+ 1-0

[Event "AUTO-OPEN-2203"]
[Site "http://www.queenalice.com/game.php?id=874938"]
[Date "2010.12.21"]
[Round "1"]
[White "Sanitoeter"]
[Black "justeldiablo"]
[Result "0-1"]
[WhiteElo "1284"]
[BlackElo "1893"]

1. e4 c5 2. f3 d5 3. Bb5+ Nc6 4. exd5 Qxd5 5. c4 Qe6+ 6. Ne2 Bd7 7. O-O Nf6 8.
Nbc3 Ne5 9. Bxd7+ Nfxd7 10. Nf4 Qxc4 11. b3 Qxf4 12. Nd5 Qd4+ 13. Ne3 Qxa1 14.
Bb2 Qxb2 15. Nc4 Nxc4 16. bxc4 e5 17. Re1 Bd6 18. Qc1 Qd4+ 19. Re3 O-O 0-1

[Event "Challenge"]
[Site "http://www.queenalice.com/game.php?id=874981"]
[Date "2010.12.22"]
[Round "-"]
[White "Petrucio"]
[Black "Sanitoeter"]
[Result "1-0"]
[WhiteElo "1489"]
[BlackElo "1312"]

1. e4 e5 2. Bc4 g6 3. Qf3 Nf6 4. Qd3 d6 5. Bb5+ Bd7 6. Bc4 Bg7 7. f3 Nc6 8. Bb3
O-O 9. Bd5 Be6 10. Bb3 Nd4 11. c3 Nxb3 12. axb3 Bxb3 13. Ra3 Be6 14. h4 Qd7 15.
c4 a6 16. b4 Qc6 17. Rc3 Qa4 18. Ra3 Qxb4 19. Rb3 Qc5 20. Ba3 Qc6 21. Rb4 a5 22.
Rb3 1-0

[Event "Let's play Chess "]
[Site "http://www.queenalice.com/game.php?id=877092"]
[Date "2010.12.26"]
[Round "-"]
[White "Sanitoeter"]
[Black "matamuff"]
[Result "0-1"]
[WhiteElo "1284"]
[BlackElo "1844"]

1. e4 d6 2. Nc3 g6 3. d3 Bg7 4. d4 Nh6 5. Bb5+ c6 6. Ba4 f6 7. d5 O-O 8. Bb3 Nf7
9. Bd2 a6 10. Nf3 c5 11. Qe2 b5 12. a3 Nd7 13. Nxb5 axb5 14. Qxb5 Ba6 15. Qc6
Nde5 16. Nxe5 Nxe5 17. Qa4 Bc4 18. Qxc4 Nxc4 19. Bxc4 f5 20. exf5 Rxf5 21. O-O
Be5 22. Bd3 Rf7 0-1

[Event "Challenge"]
[Site "http://www.queenalice.com/game.php?id=881331"]
[Date "2011.1.5"]
[Round "-"]
[White "malouco"]
[Black "Sanitoeter"]
[Result "1-0"]
[WhiteElo "1423"]
[BlackElo "1284"]

1. d4 e6 2. e4 Bb4+ 3. c3 Ba5 4. b4 Bb6 5. Qg4 Nf6 6. Qxg7 Rg8 7. Qh6 Rg6 8. Qe3
Rg4 9. f3 Rg8 10. e5 Nd5 11. Qh6 Rh8 12. Qg7 Nc6 13. Qxh8+ Ke7 14. Bg5+ f6 15.
Qxh7+ Ke8 16. exf6 Nxf6 17. Qh8+ 1-0

[Event "Challenge"]
[Site "http://www.queenalice.com/game.php?id=982578"]
[Date "2011.9.7"]
[Round "-"]
[White "Sanitoeter"]
[Black "rama123"]
[Result "1/2-1/2"]
[WhiteElo "1227"]
[BlackElo "1557"]

1. e4 e5 2. f3 Nc6 3. Bb5 Nd4 4. Nc3 Nxb5 5. Nxb5 Ne7 6. d4 a6 7. Nc3 d6 8. d5
Ng6 9. Be3 Nh4 10. Qd2 Bd7 11. Bg5 Be7 12. Bxe7 Qxe7 13. g3 Ng6 14. b3 O-O 15.
h4 h6 16. h5 Nh8 17. g4 f6 18. a4 1/2-1/2

[Event "Challenge"]
[Site "http://www.queenalice.com/game.php?id=985308"]
[Date "2011.9.14"]
[Round "-"]
[White "Sanitoeter"]
[Black "Ecki123"]
[Result "0-1"]
[WhiteElo "1246"]
[BlackElo "1310"]

1. Nc3 c5 2. d3 d5 3. d4 c4 4. e3 e6 5. a3 b6 6. Nf3 Bd6 7. g3 Nf6 8. Bg2 Bb7 9.
O-O h6 10. Bd2 Nbd7 0-1